000 00593nam a22001931a 4500
001 1907
003 OSt
005 20260204211752.0
008 040122s2002||||dr ||||||b||||||||||spa||
050 _aRD 303.44 Q5d
082 _aRD 303.44 Q5d SDT.4
100 _aQuevedo, Santiago
245 _aEl desarrollo institucional como un componente fundamental de desarrollo de la sociedad / Santiago Quevedo
264 _aSanto Domingo : INTEC, BID
300 _a56 p.
490 _a(Colección sociedad civil. Serie documentos de trabajo 4)
650 _a1.Desarrollo SocialÌ
942 _2ddc
_cBK
999 _c1907
_d1907